1859 1390 1461 1830 1958 1906 1405 1450 1220 1253 1373 1691 1492 1003 1071 1072 1679 1996 1790 1257 1470 1426 1077 1019 1974 1884 1713 1312 1558 1601 1229 1559 1136 1047 1381 1672 1468 1725 1975 1842 1015 1294 1300 1933 1923 1486 1207 1060 1601 1269 1412 1832 1039 1425 1300 1961 1993 1045 1862 1149 1512 1936 1681 1062 1102 1263 1272 1394 1652 1324 1085 1268 1540 1370 1291 1185 1154 1522 1116 1116 1916 1734 1474 1498 1947 1077 1108 1110 1660 1050 1999 1755 1357 1988 1861 1692 1483 1964 1554 BCNSPRNW ULIB Ver.6.0+V

เปลี่ยนเป็นภาษาไทย

Change to English
 แสดงรายละเอียดบรรณานุกรม
  กลับหน้าหลัก

Brief Record : Get Marc (ISO 2709) : E-mail record : QR code < ปิดหน้าต่าง
LEADER : 00000nam 2200000uu 4500
001    13399108466
003     ULIB
008    110304s2008||||th 000 0 eng d
020    1416029342
060 04 WY152.5^bM111C 2008
100 0  Moser, Debra K.
245 00 Cardiac nursing : A companion to braunwald s heart diseaes /^cMoser, Debra K.
260    St.Louis :^bSaunders/ELSEVIER,^c2008
300    1418 p. :^bill.
650  2 Heart Diseases^xnursing
650  2 Heart Diseases^xprevention & control
945    ^p2850^l0^i024154
995    ทศพร
999 ^a ใช้งานได้ทุกระบบ
รายการนี้ยังไม่มีแท็ก
คุณยังไม่ได้ล็อกอิน คุณสามารถมีกิจกรรมร่วมกับเว็บไซต์ได้ แต่ต้องล็อกอินก่อน ::
  ล็อกอิน

รายการสื่อสารสนเทศ

ลำดับที่ ประเภท เลขเรียก/บาร์โค้ด สถานที่ สถานะ
- ไม่พบข้อมูล -

BibComment


ยังไม่เคยถูกคอมเมนท์

คอมเมนท์ทรัพยากรรายการนี้
  คอมเมนท์: Cardiac nursing ..


 Copyright 2026. Bcnsprnw @Library